| 000 | 00797nam a22002057a 4500 | ||
|---|---|---|---|
| 999 |
_c794 _d794 |
||
| 003 | AR-CdUCM | ||
| 008 | 190225b ||||| |||| 00| 0 spa d | ||
| 040 |
_aMUNICIPALIDAD PROVINCIAL DEL CUSCO _cBIBLIOTECA MUNICIPAL DEL CUSCO |
||
| 082 |
_a860.79 / _bUN61 |
||
| 110 |
_aUniversidad popular municipal de Arequipa _93019 |
||
| 245 | _aUniversidad popular municipal de Arequipa / | ||
| 260 |
_aArequipa : _bUniversidad popular de los trabajadores "Jose Carlos Mariategui", _c1984. |
||
| 300 |
_a143 páginas ; _c19 cm. |
||
| 505 | _aUna experiencia de educación popular -- Organización y funcionamiento de la U.P.M -- Necesidades y proyecciones ... | ||
| 650 |
_aArequipa. _91703 |
||
| 650 |
_aEducación. _9460 |
||
| 650 |
_aUniversidad. _91570 |
||
| 942 |
_2ddc _cLIBROS |
||
| 945 |
_amvr _d2019-02-25 |
||